000 00297nam a22001337a 4500
008 170220b xxu||||| |||| 00| 0 eng d
020 _a9789997639370
041 _aeng
080 _26 ED
_a61
100 _a4
101 _aSHM
245 _aROSEN EMERGENCY MEDICINE
_cJ.A .M FAEM
942 _2udc
_cBK
999 _c5883
_d5883